| 000 | 01198nam a2200289 i 4500 | ||
|---|---|---|---|
| 003 | DO-SdBNP | ||
| 005 | 20250205115756.0 | ||
| 007 | ta | ||
| 008 | 230809n2022 dr ||||| |||| 00| 0 spa d | ||
| 040 |
_aDO-SdBNP _bspa _cBNPHU _erda |
||
| 082 | 4 |
_axxxx _bM684 _222 |
|
| 110 | 1 |
_aRepública Dominicana. _bSecretaría de Estado de Educación, Bellas Artes y Cultos _923965 |
|
| 245 | 1 | 0 |
_aMitos, leyendas y realidades en la donación y el trasplante de órganos y tejidos / _cFernando Morales Billini, Esther De Luna Trinidad, Cecilia Pérez Minyety, Alexander Altman, Carmen Brugal |
| 264 | 1 |
_aSanto Domingo : _bInstituto Nacional de Coordinación de Trasplante (INCORT), _c2022. |
|
| 300 |
_a12 páginas ; _c23 cm. |
||
| 336 |
_atexto _btxt _2rdacontent |
||
| 337 |
_asin mediación _bn _2rdamedia |
||
| 338 |
_avolumen _bnc _2rdacarrier |
||
| 590 | _aInventariado 2023 / DG | ||
| 700 | 1 |
_aMorales Billini, Fernando, _eautor _4aut. _938684 |
|
| 700 | 1 |
_aDe Luna Trinidad, Esther, _eautor _4aut. _983968 |
|
| 700 | 1 |
_aPérez Minyety, Cecilia, _eautor _4aut. _983969 |
|
| 700 | 1 |
_aAltman, Alexander, _eautor _4aut. _983970 |
|
| 700 | 1 |
_aBrugal, Carmen, _4aut. _eautor _983971 |
|
| 910 | _aDG | ||
| 942 |
_2ddc _cLF2 |
||
| 999 |
_c54438 _d54438 |
||